书目信息 |
| 题名: |
建筑表现牛皮书
|
|
| 作者: | ;天津凤凰空间文化传媒公司 编 | |
| 分册: | 文化&办公 | |
| 出版信息: | 南京 江苏人民出版社 2020.7 |
|
| 页数: | 329页 | |
| 开本: | 33cm | |
| 丛书名: | ||
| 单 册: | ||
| 中图分类: | TU206 , TU242 | |
| 科图分类: | ||
| 主题词: | 建筑设计--中国--现代--图集 , 文化建筑--建筑设计--中国--现代--图集 | |
| 电子资源: | ||
| ISBN: | 978-7-214-08008-0 | |
| 000 | 01195nam0 2200301 45 | |
| 001 | 012001000933 | |
| 005 | 20130912100611.0 | |
| 010 | @a978-7-214-08008-0@b精装@dCNY336.00 | |
| 090 | @aTU2@btjf | |
| 096 | @aTU2@bfhk | |
| 100 | @a20120620d2012 em y0chiy50 ea | |
| 101 | 0 | @achi@eeng |
| 102 | @aCN@b320000 | |
| 105 | @aa z 000yy | |
| 106 | @ar | |
| 200 | 1 | @a建筑表现牛皮书@Ajian zhu biao xian niu pi shu@i文化&办公@iCulture & office architecture@b专著@dArchitectural rendering bible@f凤凰空间·上海编@zeng |
| 210 | @a南京@c江苏人民出版社@d2020.7 | |
| 215 | @a329页@d33cm | |
| 300 | @a并列题名:Architectural rendering bible | |
| 330 | @a本书收录了体育建筑、会展展览、文化艺术、学校、古镇、超高层、高层、小高层、多层、交通广播、科研厂房、医院和行政办公方面的设计作品。 | |
| 510 | 1 | @aArchitectural rendering bible@iCulture & office architecture@zeng |
| 606 | 0 | @a建筑设计@y中国@z现代@j图集 |
| 606 | 0 | @a文化建筑@x建筑设计@y中国@z现代@j图集 |
| 690 | @aTU206@v5 | |
| 690 | @aTU242@v5 | |
| 711 | 02 | @a天津凤凰空间文化传媒公司@Atian jin feng huang kong jian wen hua chuan mei gong si@b上海事业部@4编 |
| 801 | 0 | @aCN@bBJSDL@c20211011 |
| 905 | @b1336219-21@dTU206@e1956@f3 | |
| 建筑表现牛皮书.文化&办公.Culture & office architecture=Architectural rendering bible/凤凰空间·上海编.-南京:江苏人民出版社,2020.7 |
| 329页;33cm |
| 并列题名:Architectural rendering bible |
| ISBN 978-7-214-08008-0(精装):CNY336.00 |
| 本书收录了体育建筑、会展展览、文化艺术、学校、古镇、超高层、高层、小高层、多层、交通广播、科研厂房、医院和行政办公方面的设计作品。 |
| ● |
| 相关链接 |
|
|
|
|
正题名:建筑表现牛皮书
索取号:TU206/1956
 
预约/预借
| 序号 | 登录号 | 条形码 | 馆藏地/架位号 | 状态 | 备注 |
| 1 | 1336219 | 213362190 | 第二样本阅览室/ [索取号:TU206/1956] | 在馆 | |
| 2 | 1336220 | 213362207 | 第三借阅区/ [索取号:TU206/1956] | 在馆 | |
| 3 | 1336221 | 213362216 | 第三借阅区/ [索取号:TU206/1956] | 在馆 |